000
00223nam a22000857a 4500
008
170202b xxu||||| |||| 00| 0 eng d
100
_9
2746
_a
Kinnear.T.C.etal.
245
_a
Marketing Research
260
_a
New Delhi
_b
E.D.Gal.
_c
1991
999
_c
5930
_d
5930